Advanced number theory
Αποθηκεύτηκε σε:
| Κύριος συγγραφέας: | |
|---|---|
| Μορφή: | Βιβλίο |
| Γλώσσα: | English |
| Δημοσίευση: |
New York :
Dover Publications,
1980
|
| Θέματα: | |
| Ετικέτες: |
Προσθήκη ετικέτας
Δεν υπάρχουν, Καταχωρήστε ετικέτα πρώτοι!
|
MARC
| LEADER | 00000nam a2200000 i 4500 | ||
|---|---|---|---|
| 001 | 1/90037 | ||
| 008 | 990920s1981 eng d | ||
| 020 | |a 0-486-64023-X | ||
| 035 | |l 10052950 | ||
| 040 | |a GR-MY-UA |b gre |e aacr | ||
| 041 | 0 | |a eng | |
| 082 | 0 | |a 512.7 | |
| 100 | 1 | |a Cohn, Harvey. | |
| 245 | 1 | 0 | |a Advanced number theory / |c Harvey Cohn |
| 260 | |a New York : |b Dover Publications, |c 1980 | ||
| 300 | |a xi, 276 p.; |b ill.; |c 21 cm. | ||
| 500 | |a First published in 1962 under title: A second course in number theory | ||
| 504 | |a Includes bibliographical references and index | ||
| 650 | 0 | 0 | |a Number theory. |
| 852 | |a INST |b SAMOS |e 19990920 |h 512.7 COH |p 005300015052 |q 005300015052 |t BK |y 0 | ||
| 901 | |a BIBL3-1999-3 | ||
| 909 | |a Σ |b 067086 | ||
| 922 | |a 3ΕΛΗ |b 199907 |c ΚΠΣ |d GLORY | ||
| 950 | |a 116-1998-08-10 | ||
| 970 | |a ΚΟΣΙΕΡΗΣ |b ΧΡΗΣΤΟΣ |z 1999/09/20 | ||